00372nam a2200133Ia 4500008004100000020002200041040002900063050002100092100002400113245005200137260002700189942000700216999001500223230104s9999||||xx |||||||||||||| ||und|| a978-0-7506-6350-2 cChuka University Library aG 155 bC66 2008 aCooper, Chris92750 0aContemporary tourism: an international approach aElsevierbOxfordc2008 cBK c4851d4851